Table de 3, jusqu'à 20 - Statistiques

Statistiques générales
  • Ce quiz a été pris 170 fois
  • Le résultat moyen est 13 sur 20
Statistiques - réponses
Hint Réponse % Correct
3x5 15
80%
3x9 27
77%
3x6 18
75%
3x1 3
75%
3x2 6
75%
3x20 60
75%
3x4 12
72%
3x11 33
72%
3x13 39
72%
3x8 24
71%
3x3 9
69%
3x10 30
68%
3x7 21
66%
3x15 45
65%
3x12 36
60%
3x19 57
55%
3x14 42
49%
3x18 54
48%
3x16 48
46%
3x17 51
40%
Aucun quiz correspondant
Distribution des résultats
% des personnes avec chaque résultat
Percentile par nombre de réponses
Votre historique - résultats
Vous n’avez pas pris ce quiz